Statistics for Doğu Asya Harita Testi

Click here to take the quiz!

General Stats

  • This quiz has been taken 938 times
  • The average score is 11 of 17

Answers on the Map

Answers color-coded by a green-red scale on the quiz's map according to % correct below.
 

Answer Stats

Answer% Correct
Çin
91%
Moğolistan
89%
Kuzey Kore
84%
Güney Kore
83%
Japonya
82%
Endonezya
74%
Filipinler
70%
Tayvan
64%
Vietnam
62%
Tayland
59%
Laos
57%
Malezya
57%
Doğu Timor
55%
Kamboçya
54%
Myanmar
54%
Singapur
50%
Brunei
46%

Score Distribution

Percentile by Number Answered

Percent of People with Each Score

Your Score History

You have not taken this quiz